Actors who have played the role of James Bond - Statistics

General Stats
  • This quiz has been taken 29 times
  • The average score is 6 of 6
Answers on the Grid
Answers color-coded by a green-red scale on the quiz's grid according to % correct below.
Clive Owen
George Lazenby
Liam Neeson
Daniel Radcliffe
Timothy Dalton
Tom Hiddleston
Pierce Brosman
James McAvoy
Benedict Cumberbatch
Rowan Atkinson
Leslie Howard
Jeremy Irons
Sean Connery
Daniel Craig
Christian Bale
Roger Moore
 
Answer Stats
Answer % Correct
Daniel Craig
96%
Pierce Brosman
96%
Sean Connery
96%
Roger Moore
93%
Timothy Dalton
89%
George Lazenby
85%
No matching quizzes found
Score Distribution
Percent of People with Each Score
Percentile by Number Answered
Your Score History
You have not taken this quiz